|
|
|
|
| LEADER |
00918nam a2200241 a 4500 |
| 001 |
000177647 |
| 003 |
CZ BrMZK |
| 005 |
19970103143423.0 |
| 008 |
970505s1996 xo f slo d |
| 020 |
|
|
|a 80-223-1010-7
|
| 040 |
|
|
|a BOA001
|b cze
|
| 080 |
|
|
|a 519.2(075.8)
|2 MRF
|
| 100 |
1 |
|
|a Kalas, Josef,
|d 1949-
|7 ola200208012
|4 aut
|
| 245 |
1 |
0 |
|a Vybrané kapitoly z teórie náhodného výberu /
|c Jozef Kalas
|
| 250 |
|
|
|a 1. vyd.
|
| 260 |
|
|
|a Bratislava :
|b Univerzita Komenského,
|c 1996
|
| 300 |
|
|
|a 82 s. ;
|c 29 cm
|
| 500 |
|
|
|a Určeno pro posl. fak. mat.-fyz. Univ. Komenského v Bratislavě. - Bibliogr.
|
| 653 |
0 |
|
|a matematická statistika
|a pravděpodobnost
|
| 710 |
2 |
|
|a Univerzita Komenského v Bratislave.
|b Matematicko-fyzikálna fakulta
|7 kn20010710361
|
| 910 |
|
|
|a BOA001
|b TK-A-0261.030
|
| 990 |
|
|
|a BK
|
| 996 |
7 |
|
|b 2620007239
|c TK-A-0261.030
|l MZK
|r Sklad / do 24 hodin
|n 7
|p kup
|w 000177647
|u 000010
|a 1
|e BOA001
|j MZK50
|s A
|